La construction des machines automatiques /

Guardado en:
Autor Principal: Prudhomme, Raymond.
Formato: Libro
Idioma:French
Publicado: Paris : Gauthier-Villars, 1968.
Edición:2e éd., rev. et augm.
Series:Information et cybernétique
Etiquetas: Agregar Etiqueta
Sin Etiquetas, Sea el primero en etiquetar este registro!
LEADER 00582cam a22001695 4500
001 MAT.inmabb001975
008 790724s1968####fr#a#####b####001#0#fre#d
005 20170502153353.0
245 1 3 |a La construction des machines automatiques /  |c R. Prudhomme ; préface de L. Couffignal. 
250 |a 2e éd., rev. et augm. 
260 |a Paris :  |b Gauthier-Villars,  |c 1968. 
300 |a viii, 350 p. :  |b il. ;  |c 25 cm. 
490 0 |a Information et cybernétique 
504 |a Bibliografía: p. [341]-342. 
100 1 |a Prudhomme, Raymond. 
010 |a  70358882  
859 |h 65  |i P971-2  |p A-3591  |b BIB. MATEMATICA